| 000 | 00624nam a2200301Ia 4500 | ||
|---|---|---|---|
| 005 | 20260401122055.0 | ||
| 008 | 008 250103s9999 xx 000 0 eng d | ||
| 020 | _a99982501 | ||
| 037 | _aTB | ||
| 040 | _aEDL | ||
| 040 | _beng | ||
| 040 | _cEDL | ||
| 041 | _2eng | ||
| 041 | _aeng | ||
| 084 | _a823.912 WOO | ||
| 084 | _qEDL | ||
| 100 | _aWoolf, Virginia | ||
| 245 | 0 | _aJacob's Room | |
| 245 | 0 | _cWoolf, Virginia | |
| 260 | _aLondon | ||
| 260 | _bVintage | ||
| 260 | _c2000 | ||
| 300 | _a173p | ||
| 942 | _cTB | ||
| 942 | _h823.912 WOO | ||
| 999 |
_c1844742 _d1844742 |
||